Yugioh Types - Statistics

General Stats
  • This quiz has been taken 533 times
  • The average score is 15 of 22
Answer Stats
Enter Here % Correct
Beast
93%
Dragon
93%
Warrior
89%
Spellcaster
88%
Beast-Warrior
80%
Machine
80%
Aqua
76%
Fiend
76%
Winged Beast
76%
Fairy
71%
Pyro
70%
Zombie
70%
Insect
67%
Fish
66%
Rock
63%
Sea Serpent
59%
Plant
58%
Dinosaur
54%
Thunder
54%
Reptile
46%
Divine-Beast
45%
Psychic
45%
No matching quizzes found
Score Distribution
Percent of People with Each Score
Percentile by Number Answered
Your Score History
You have not taken this quiz